| 000 | 00487nam a2200181Ia 4500 | ||
|---|---|---|---|
| 008 | 151202s9999||||xx |||||||||||||| ||und|| | ||
| 082 | _bPNVM-4451 | ||
| 100 | _aHUXLEY JULIAN. | ||
| 245 | _aSOVIET GENETICS & WORLD SCIENCE. | ||
| 260 | _b"CHATTO & WINDUS, LONDON." | ||
| 260 | _c1949 | ||
| 300 | _a244 | ||
| 600 | _aHUXLEY JULIAN. | ||
| 630 | _aSOVIET GENETICS & WORLD SCIENCE. | ||
| 700 | _aHUXLEY JULIAN. | ||
| 730 | _aSOVIET GENETICS & WORLD SCIENCE. | ||
| 942 | _cBOOK | ||
| 999 |
_c1270449 _d1270446 |
||